| 000 | 00524nam a2200205 a 4500 | ||
|---|---|---|---|
| 001 | BRCA_6785 | ||
| 005 | 20190320205605.0 | ||
| 008 | 281011s1904----gw-#######---#000-0#ger-# | ||
| 041 | _ager | ||
| 044 | _agw | ||
| 050 | 4 |
_aQH9 _b.B67 1904 |
|
| 100 | 1 |
_aBolsche, Wilhelm _d1861-1939. _916359 |
|
| 245 | 1 | 0 |
_aDie Eroberung des Menschen _cvon Wilhelm Bolsche. |
| 260 |
_aBerlín _bFranz Wunder _c1904 |
||
| 300 |
_a173 p. _c19 cm. |
||
| 500 | _aL114 | ||
| 650 | 1 | 4 |
_aEvolución Humana _916924 |
| 902 | _aGFM | ||
| 942 |
_2lcc _cB |
||
| 999 |
_c6468 _d6468 |
||